| 000 | 00595nam a2200229Ia 4500 | ||
|---|---|---|---|
| 003 | OSt | ||
| 005 | 20220918224246.0 | ||
| 006 | a|||||r|||| 00| 0 | ||
| 007 | ta | ||
| 008 | 220917b |||||||| |||| 00| 0 eng d | ||
| 024 | _a227,350 | ||
| 037 | _cTextual | ||
| 040 |
_aARTS _cARTS _beng |
||
| 041 |
_2eng _aeng |
||
| 082 | _aR3xM95:g, P5 (RD) | ||
| 100 |
_aHorkheimer Max _929442 |
||
| 245 | 0 | _aEclipse of reason | |
| 260 |
_aLondon _bContinuum _c2005 |
||
| 300 |
_a129p. _ccm. |
||
| 942 |
_hR3xM95:g, P5 (RD) _cTEXL _2CC |
||
| 999 |
_c280710 _d280710 |
||